Nuestros amiguitos : (Registro nro. 41816)

Detalles MARC
000 -CABECERA
campo de control de longitud fija 00600nam a2200193 a 4500
005 - FECHA Y HORA DE LA ÚLTIMA TRANSACCIÓN
campo de control 20220608065322.0
008 - ELEMENTOS DE LONGITUD FIJA--INFORMACIÓN GENERAL
campo de control de longitud fija 991125n1880 par 000 0 spa u
035 ## - NÚMERO DE CONTROL DEL SISTEMA
Número de control de sistema UPN01000041816
049 ## - COLECCIÓN
Colección LT
050 #4 - SIGNATURA TOPOGRÁFICA DE LA BIBLIOTECA DEL CONGRESO
Número de clasificación LB1573 P5.48
100 1# - ASIENTO PRINCIPAL--NOMBRE PERSONAL
Nombre de persona Pierre, Albert
245 10 - MENCIÓN DE TÍTULO
Título Nuestros amiguitos :
Resto del título grado elemental /
Mención de responsabilidad, etc. A. Pierre, A. Minet ; tr. M. de Toro Gómez.
260 ## - PUBLICACIÓN, DISTRIBUCIÓN, ETC.
Lugar de publicación, distribución, etc. París :
Nombre del editor, distribuidor, etc. F. Nathan,
Fecha de publicación, distribución, etc. 1880.
300 ## - DESCRIPCIÓN FÍSICA
Extensión 137 p. :
Otras características físicas il.
440 #0 - MENCIÓN DE SERIE/ASIENTO SECUNDARIO--TÍTULO
Título Mis primeras lecturas : curso completo de lectura y moral
650 #4 - ASIENTO SECUNDARIO DE MATERIA - TERMINO TEMATICO
Término de materia o nombre geográfico como elemento de entrada Lecturas y narraciones
9 (RLIN) 10213
700 1# - ASIENTO SECUNDARIO--NOMBRE DE PERSONAL
Nombre de persona Minet, A.,
Término indicativo de función/relación coaut.
905 ## - TIPO DE MATERIAL
Tipo de material Libro
Existencias
Estado de retiro Estado de pérdida Fuente del sistema de clasificación o colocación Estado dañado No para préstamo Código de colección Localización permanente Ubicación/localización actual Ubicación en estantería Total de préstamos Clasificación Código de barras Fecha visto por última vez Número de copia Tipo de ítem Koha
    Library of Congress Classification   Coleccion LT Libros de texto Bib. Gregorio Torres Quintero Bib. Gregorio Torres Quintero Libros de Texto   LB1573 P5.48 125777 31/12/2020 1 Libro